Normal view
MARC view
- Democracy
Entry Topical Term
001 - CONTROL NUMBER
- control field: 15142
003 - CONTROL NUMBER IDENTIFIER
- control field: OSt
005 - DATE AND TIME OF LATEST TRANSACTION
- control field: 20260205110314.0
008 - FIXED-LENGTH DATA ELEMENTS
- fixed length control field: 260205|| aca||aabn | a|a d
040 ## - CATALOGING SOURCE
- Original cataloging agency: OSt
- Transcribing agency: OSt
150 ## - HEADING--TOPICAL TERM
- Topical term or geographic name entry element: Democracy
- Geographic subdivision: Europe, Eastern
670 ## - SOURCE DATA FOUND
- Source citation: Work cat.: (OSt)5999: Pereira, Luiz Carlos Bresser. 15136, Economic reforms in new democracies :, 1993.